| 000 | 00800cam a22002051 4500 | ||
|---|---|---|---|
| 082 |
_a954 _bRON |
||
| 100 | 1 |
_aWhyte, Alexander Frederick, _950519 |
|
| 245 | 1 | 0 |
_aIndia, a bird's eye view, _cby Sir Frederick Whyte. |
| 260 |
_aLondon, _bThe Royal Institute of International Affairs _c[1924] |
||
| 300 |
_aP. 314 _c35cm |
||
| 490 | 0 | _aUnited Kingdom paper | |
| 500 | _aIncludes extra numbered leaves 9a and 54a. | ||
| 500 | _aOn cover: Eighth conference of the Institute of Pacific Relations, Mont Tremblant, Quebec, Canada, December, 1942. | ||
| 500 | _aReproduced from type-written copy. | ||
| 526 |
_a0 _b0 _c0 _d954_000000000000000_RON |
||
| 650 | 0 |
_aMCE _9379 |
|
| 650 | 0 |
_aWorld War, 1939-1945 _zIndia. _948937 |
|
| 710 | 2 |
_aRoyal Institute of International Affairs. _950520 |
|
| 942 |
_2ddc _cBK |
||
| 999 |
_c553260 _d553260 |
||